00939nam a22001935i 4500001000700000003000900007005001700016008004100033040000800074100003500082245006700117250004700184260008400231300003000315650002700345852022800372999001900600952012600619164094ES-MaACL20250725062546.0950206s1886 sp |||| | spa d aCLM1 aRubio y Diaz, Vicente.922249210aElementos de fisica experimental / cpor Vicente Rubio y Diaz. a2" ed. baumentada con 10 grabados nuevos. aCadiz : b[s.n.], c1886 (fImprenta de la Revista Medica de don Federico Joly) a540 p. : bil. ; c23 cm.07aFísica2embne912877 aES-MaACLjF-5523 z-- Enc. pasta española z-- Dedic. ms. del autor a la Biblioteca del Ateneo de Madrid x-- Edic.: El tit. consta: "Elementos de física esperimental [sic]" -- La paginación es: VII, [1], 540 p. : il. c164094d164094 001040708LIBXIXaATENEOMbATENEOMcDEPO2d2008-01-17eSSCl0oF-5523p1171980r2023-02-23 00:00:00w2023-02-23yMONANT